000 00205nam a2200097Ia 4500
008 240331s9999 xx 000 0 und d
082 _bANA
100 _aAnanthamoorthy, U.R
245 0 _aSamskara
942 _cL
999 _c3845
_d3845